[Event "Tch (Men) 2005/2006 CZE"]
[Site "?"]
[Date "2006.03.26"]
[Round "11"]
[White "Navara David"]
[Black "Sergeev Vladimir"]
[Result "1/2-1/2"]
[WhiteElo "2660"]
[BlackElo "2434"]
[PlyCount "183"]
[EventDate "2006.??.??"]
[Source "www.chesslib.no"]
[SourceDate "2004.05.04"]

1. d4 Nf6 2. c4 c6 3. Nc3 d5 4. Nf3 Qb6 5. Qc2 Na6 6. a3 dxc4 7. e4 Qb3 8. Qb1 g6 9. Be3 Ng4 10. Bd2 Bg7 11. h3 Nf6 12. Be3 O-O 13. Be2 Qb6 14. Bxc4 Qd8 15. O-O Nc7 16. b4 Be6 17. Bd3 Nfe8 18. Na4 Nd6 19. Nc5 b6 20. Nxe6 Nxe6 21. Rd1 Nb5 22. Bxb5 cxb5 23. Ra2 Qd6 24. d5 Rfd8 25. Rc2 Nf8 26. Rc6 Qd7 27. Bd4 f6 28. Qd3 e5 29. Rdc1 exd4 30. Rc7 Rac8 31. Rxd7 Rxc1+ 32. Kh2 Rxd7 33. Qxb5 Rc3 34. Nxd4 Rxa3 35. Qc4 f5 36. Nc6 Rc3 37. Qa2 Kh8 38. e5 Rxc6 39. dxc6 Bxe5+ 40. f4 Bxf4+ 41. g3 Rd2+ 42. Qxd2 Bxd2 43. c7 Bxb4 44. c8=Q Bc5 45. Qa6 h5 46. Qxa7 Kg8 47. Kg2 Ne6 48. Qd7 Nf8 49. Qe8 Kg7 50. Kf3 Kf6 51. Ke2 Ne6 52. Kd3 Bd6 53. Qc6 Bxg3 54. Kc4 Ke5 55. Qb5+ Kf6 56. Qxb6 Kf7 57. Kd5 Nf4+ 58. Kc6 h4 59. Qb3+ Kf6 60. Qc3+ Kg5 61. Qe3 Kh5 62. Qf3+ Kg5 63. Qf1 Kf6 64. Kd7 Ke5 65. Ke7 Nd5+ 66. Kf7 Nf4 67. Kg7 g5 68. Kh6 Ne6 69. Kg6 Nf4+ 70. Kxg5 Ne6+ 71. Kg6 Nf4+ 72. Kf7 Ke4 73. Qh1+ Ke5 74. Qa1+ Ke4 75. Kf6 Nd5+ 76. Kg5 Ne3 77. Qa8+ Kd3 78. Qf3 Kd2 79. Kf6 Kd3 80. Ke6 Kd4 81. Kd7 Be5 82. Kc6 Bg3 83. Kb5 Be1 84. Ka4 Bg3 85. Qe2 Ke4 86. Kb3 f4 87. Kc3 Bf2 88. Kd2 Bg3 89. Qh5 Nc4+ 90. Ke2 Ne5 91. Qh7+ Kd4 92. Qa7+ 1/2-1/2

[Event "Berliner Sommer"]
[Site "Berlin"]
[Date "1997.??.??"]
[Round "7"]
[White "Glek, Igor V"]
[Black "Baklan, Vladimir"]
[Result "1-0"]
[WhiteElo "2505"]
[BlackElo "2570"]
[PlyCount "85"]
[EventDate "1997.08.??"]
[Source "ChessBase"]
[SourceDate "1997.09.26"]

1. d4 Nf6 2. Nf3 c6 3. c4 d5 4. Nc3 Qb6 5. Qa4 e6 6. e3 Nbd7 7. Qc2 Be7 8. Bd3 O-O 9. O-O Qc7 10. Bd2 b6 11. cxd5 cxd5 12. Rfc1 Kh8 13. Nb5 Qxc2 14. Rxc2 a6 15. Nc7 Ra7 16. Rac1 Bb7 17. a3 g6 18. Bb4 Ng8 19. Bxe7 Nxe7 20. Nxe6 fxe6 21. Rc7 Rd8 22. Ng5 Kg8 23. R1c3 Nf5 24. Nxe6 Re8 25. Rxd7 Rxe6 26. Bxf5 gxf5 27. Rcc7 Kf8 28. Rxh7 Kg8 29. Rxb7 Rxb7 30. Rxb7 f4 31. Kf1 fxe3 32. fxe3 Rxe3 33. Rxb6 Rd3 34. Rxa6 Rxd4 35. Rb6 Rd2 36. a4 d4 37. a5 d3 38. Ke1 Rxg2 39. a6 Kf7 40. a7 Rg8 41. Kd2 Ra8 42. Rb7+ Ke6 43. Kxd3 1-0

[Event "Olomouc 73/416"]
[Site "?"]
[Date "1998.??.??"]
[Round "?"]
[White "Stohl, Igor"]
[Black "Mokry, Karel"]
[Result "1-0"]
[WhiteElo "2540"]
[BlackElo "2495"]
[PlyCount "68"]
[EventDate "1998.??.??"]
[Source "ChessBase"]
[SourceDate "1998.06.01"]

1. d4 d5 2. c4 c6 3. Nf3 Nf6 4. Nc3 Qb6 5. c5 Qc7 6. g3 Bf5 7. Bf4 Qc8 8. h3 Ne4 9. Bg2 Nxc3 10. bxc3 Be4 11. O-O Nd7 12. Ne5 Bxg2 13. Kxg2 Nxe5 14. Bxe5 f6 15. Bf4 b6 16. cxb6 axb6 17. Qb3 Qa6 18. a4 Kd7 19. e4 e6 20. Rfe1 Bd6 21. exd5 cxd5 22. Rxe6 Kxe6 23. Re1+ Be5 24. Bxe5 Qc4 25. Bd6+ Kf7 26. Re7+ Kg8 27. Qxb6 Qc8 28. Rc7 Qa6 29. Qxa6 Rxa6 30. Rc8+ Kf7 31. Rxh8 Rxd6 32. Rc8 Rd7 33. a5 Ke6 34. Rc6+ Kf5 1-0

[Event "It \"]
[Site "Caerleon (Wales)"]
[Date "2007.07.11"]
[Round "7"]
[White "Wells Peter K (ENG)"]
[Black "Pavlovic Milos (SCG)"]
[Result "1/2-1/2"]
[WhiteElo "2499"]
[BlackElo "2534"]
[PlyCount "80"]
[EventDate "2007.??.??"]
[Source "www.chesslib.no"]
[SourceDate "2004.05.04"]

1. d4 Nf6 2. c4 c6 3. Nc3 d5 4. Nf3 Qb6 5. g3 g6 6. Bg2 dxc4 7. O-O Bg7 8. Ne5 O-O 9. Nxc4 Qa6 10. b3 Be6 11. Ne5 Rd8 12. e3 Nd5 13. Ne4 Bxe5 14. Nc5 Qb6 15. Nxe6 fxe6 16. dxe5 Nxe3 17. Bxe3 Rxd1 18. Raxd1 Qc7 19. Bh3 Kf7 20. Rd4 Nd7 21. Bh6 Qxe5 22. Rxd7 Qh5 23. Bg2 Qxh6 24. Rxb7 Qd2 25. a4 Qc2 26. Re1 a5 27. Bh3 Rf8 28. Bxe6+ Kg7 29. Rf1 Qc5 30. Bc4 h5 31. h4 Kh6 32. Kg2 e5 33. f3 Rd8 34. Rf2 Qe3 35. g4 hxg4 36. fxg4 Qe4+ 37. Kg3 Qe3+ 38. Kg2 Qe4+ 39. Kg3 Qe3+ 40. Kg2 Qe4+ 1/2-1/2

[Event "Koop Tjuchem (open), Groningen NED"]
[Site "Groningen"]
[Date "1997.??.??"]
[Round "?"]
[White "Leitao, R."]
[Black "Baklan, V."]
[Result "1/2-1/2"]
[WhiteElo "2475"]
[BlackElo "2525"]
[PlyCount "54"]
[EventDate "1997.??.??"]
[Source "www.chesslib.no"]
[SourceDate "2004.05.04"]

1. d4 Nf6 2. c4 c6 3. Nc3 d5 4. Nf3 Qb6 5. cxd5 cxd5 6. Qb3 Nc6 7. Bf4 Qxb3 8. axb3 e6 9. e3 Bb4 10. Bb5 Bd7 11. Ke2 Ke7 12. Ra4 a5 13. Raa1 Rhc8 14. Rhc1 Na7 15. Bd3 b5 16. Ne5 Be8 17. g4 h6 18. h4 a4 19. bxa4 bxa4 20. Ba6 Bxc3 21. Bxc8 Bxb2 22. Bb7 Bxc1 23. Bxa8 Bb2 24. Ra2 a3 25. f3 Nb5 26. Kd3 Nc3 27. Rxa3 Bb5+ 1/2-1/2

[Event "RUS-Cup03 (Geller mem)"]
[Site "Moscow"]
[Date "1999.02.11"]
[Round "2"]
[White "Sherbakov, Ruslan"]
[Black "Frog, Ilya"]
[Result "1/2-1/2"]
[WhiteElo "2559"]
[BlackElo "2415"]
[PlyCount "104"]
[EventDate "1999.02.10"]
[Source "ChessBase"]
[SourceDate "1999.06.08"]

1. d4 Nf6 2. c4 c6 3. Nc3 d5 4. Nf3 Qb6 5. Qc2 Bg4 6. cxd5 cxd5 7. Ne5 Bd7 8. e4 dxe4 9. Bc4 e6 10. O-O Bd6 11. Nxe4 Nxe4 12. Qxe4 O-O 13. Bd3 f5 14. Nxd7 fxe4 15. Nxb6 axb6 16. Bxe4 Nc6 17. Be3 Ra4 18. Rfd1 Nb4 19. Bxb7 Nc2 20. Rac1 Nxe3 21. fxe3 Rxa2 22. Rc6 Bb4 23. Rxe6 Rxb2 24. Rxb6 g6 25. h4 Kg7 26. Bf3 Re8 27. Rd3 Re7 28. Kh2 Rd7 29. Kh3 Rb1 30. g3 Rb2 31. Rb7 Rxb7 32. Bxb7 h5 33. Be4 Kf6 34. Bd5 g5 35. hxg5+ Kxg5 36. Bf3 Rf2 37. Bd1 Rb2 38. Bf3 Rf2 39. Bd1 Rb2 40. Ba4 Ra2 41. Bb5 Ra3 42. Rxa3 Bxa3 43. Kg2 h4 44. gxh4+ Kxh4 45. Kf3 Kg5 46. Ke4 Bd6 47. Kd3 Kf6 48. Kc4 Bb8 49. Kd5 Ba7 50. e4 Ke7 51. Ba4 Bb6 52. Kc4 Ba7 1/2-1/2

[Event "Budapest ExpFS"]
[Site "Budapest HUN"]
[Date "1992.??.??"]
[Round "?"]
[White "Lukacs, Peter"]
[Black "Varga, Zoltan"]
[Result "1/2-1/2"]
[WhiteElo "2490"]
[BlackElo "2480"]
[PlyCount "40"]
[EventDate "1992.09.??"]
[Source "www.chesslib.no"]
[SourceDate "2004.05.04"]

1. d4 d5 2. c4 c6 3. Nf3 Nf6 4. Nc3 Qb6 5. e3 Bf5 6. Ne5 e6 7. g4 Bg6 8. h4 Ne4 9. h5 Nxc3 10. bxc3 Be4 11. f3 f6 12. Nd3 Bxd3 13. Bxd3 Qc7 14. Qc2 Nd7 15. Kf2 O-O-O 16. cxd5 cxd5 17. c4 dxc4 18. Qxc4 Qxc4 19. Bxc4 e5 20. Bb2 exd4 1/2-1/2

[Event "Yalta op"]
[Site "?"]
[Date "1996.??.??"]
[Round "4"]
[White "Shipov Sergei"]
[Black "Vysochin Spartak"]
[Result "1/2-1/2"]
[WhiteElo "2540"]
[BlackElo "2420"]
[PlyCount "146"]
[EventDate "1996.??.??"]
[Source "www.chesslib.no"]
[SourceDate "2004.05.04"]

1. d4 d5 2. c4 c6 3. Nf3 Nf6 4. Nc3 Qb6 5. Qc2 Bg4 6. c5 Qc7 7. Ne5 Nbd7 8. Nxg4 Nxg4 9. e3 e5 10. Be2 Ngf6 11. b4 g6 12. b5 Bg7 13. O-O O-O 14. Rb1 Rfe8 15. Rd1 Nf8 16. bxc6 bxc6 17. dxe5 Qxe5 18. Bf3 Ne6 19. Ne2 Ng5 20. Nd4 Nxf3+ 21. Nxf3 Qe4 22. Qxe4 Nxe4 23. Bb2 Rab8 24. Bxg7 Kxg7 25. Nd4 Nc3 26. Rxb8 Rxb8 27. Ra1 Nxa2 28. g3 Nb4 29. Rxa7 Nd3 30. Nxc6 Rc8 31. Nd4 Nxc5 32. Ra5 Kf6 33. Kg2 Ke5 34. Ra7 Kf6 35. Ra5 Ke5 36. g4 h6 37. h4 Ne6 38. Nf3+ Kd6 39. Ra6+ Ke7 40. Ne5 Rc7 41. f4 Nc5 42. Ra5 d4 43. exd4 Ne6 44. d5 Nxf4+ 45. Kf3 g5 46. hxg5 hxg5 47. Ke4 Ne2 48. Nf3 f6 49. Ke3 Ng3 50. Kd3 f5 51. gxf5 Nxf5 52. Nxg5 Nd6 53. Ra1 Kf6 54. Ne6 Rc8 55. Re1 Nf5 56. Nd4 Rd8 57. Kc4 Nd6+ 58. Kb4 Ne4 59. Rf1+ Kg6 60. Nc6 Rd6 61. Ne7+ Kg5 62. Rf5+ Kg4 63. Rf7 Rb6+ 64. Kc4 Nd6+ 65. Kc5 Nxf7 66. Kxb6 Kf4 67. Kc5 Ke5 68. Nc6+ Kf6 69. Kb6 Nd6 70. Na7 Ke5 71. Kc6 Nf5 72. Nc8 Nd4+ 73. Kc5 Nb3+ 1/2-1/2

[Event "Memorial Paul Keres Prelim"]
[Site "Tallinn EST"]
[Date "2009.01.09"]
[Round "3"]
[White "Lugovoi, A."]
[Black "Seeman, T."]
[Result "1-0"]
[WhiteElo "2531"]
[BlackElo "2401"]
[PlyCount "92"]
[EventDate "2009.01.09"]
[Source "www.chesslib.no"]
[SourceDate "2004.05.04"]

1. d4 d5 2. c4 c6 3. Nf3 Nf6 4. Nc3 Qb6 5. Ne5 Nbd7 6. c5 Qd8 7. Bf4 g6 8. e3 Bg7 9. Bd3 O-O 10. O-O Nh5 11. b4 f6 12. Nxd7 Bxd7 13. Bg3 Nxg3 14. hxg3 e5 15. b5 e4 16. Be2 f5 17. Rb1 g5 18. bxc6 bxc6 19. Rb7 Bc8 20. Rb4 f4 21. Bg4 Ba6 22. Re1 Qf6 23. Qd2 Qg6 24. Qd1 f3 25. Qa4 Bd3 26. Rb7 fxg2 27. Kxg2 Rf6 28. Rh1 Raf8 29. Nd1 a6 30. Qb3 Rf3 31. Rb8 R3f6 32. Rxf8+ Rxf8 33. Nb2 Bb5 34. a4 Bd3 35. Qc3 Qf7 36. Nxd3 exd3 37. f4 gxf4 38. Qxd3 f3+ 39. Kf2 h6 40. Rh5 Qb7 41. Rf5 Qb2+ 42. Kxf3 Re8 43. Bh5 Re7 44. Rf4 Qh2 45. Bg6 Qh1+ 46. Kg4 Qg1 1-0

[Event "Jyvaskyla op"]
[Site "Jyvaskyla"]
[Date "1999.??.??"]
[Round "?"]
[White "Lugovoi, Aleksei"]
[Black "Seeman, Tarvo"]
[Result "1-0"]
[WhiteElo "2509"]
[BlackElo "2403"]
[PlyCount "123"]
[EventDate "1999.??.??"]
[Source "www.chesslib.no"]
[SourceDate "2004.05.04"]

1. d4 d5 2. c4 c6 3. Nc3 Nf6 4. Nf3 Qb6 5. c5 Qc7 6. g3 Bf5 7. Bg2 h6 8. O-O Nbd7 9. Bf4 Qc8 10. Ne5 e6 11. f3 Nxe5 12. Bxe5 Be7 13. e4 Bh7 14. Bd6 Qd7 15. e5 Ng8 16. f4 Bd8 17. Qg4 Bg6 18. Qf3 h5 19. b4 Ne7 20. h3 Nf5 21. Qf2 b6 22. g4 hxg4 23. hxg4 Nxd6 24. cxd6 Bd3 25. Rfd1 Bc4 26. a4 a5 27. b5 c5 28. Rac1 Rc8 29. Rd2 g6 30. g5 Kf8 31. Qe3 Kg7 32. Nd1 cxd4 33. Rxd4 Rc5 34. Rd2 Qe8 35. Rf2 Rh4 36. Qg3 Qh8 37. Nb2 Ba2 38. Ra1 Bc4 39. Rc2 Qh5 40. Nxc4 dxc4 41. Bf3 Rh3 42. Bxh5 Rxg3+ 43. Kf2 Rb3 44. Be2 c3 45. Bd3 Rb4 46. Kf3 Rd4 47. Ke3 Rb4 48. Rg2 Rb3 49. Bc2 Rb2 50. Rh1 Bxg5 51. fxg5 Rxe5+ 52. Kf4 Rf5+ 53. Bxf5 Rxg2 54. Bd3 e5+ 55. Kf3 Rd2 56. Ke3 e4 57. Kxe4 f5+ 58. gxf6+ Kxf6 59. Rc1 Ke6 60. Rxc3 Kxd6 61. Rc6+ Kd7 62. Rxb6 1-0

[Event "RUS-Cup01 Chigorin mem"]
[Site "St Petersburg"]
[Date "1997.11.04"]
[Round "4"]
[White "Zakharevich, Igor"]
[Black "Seeman, Tarvo"]
[Result "1/2-1/2"]
[WhiteElo "2515"]
[BlackElo "2395"]
[PlyCount "36"]
[EventDate "1997.11.01"]
[Source "www.chesslib.no"]
[SourceDate "2004.05.04"]

1. d4 d5 2. Nf3 Nf6 3. c4 c6 4. Nc3 Qb6 5. g3 Bf5 6. Bg2 e6 7. Nh4 dxc4 8. Nxf5 exf5 9. O-O Be7 10. Qc2 Qxd4 11. Qxf5 Nbd7 12. Bf4 Qc5 13. Qc2 O-O 14. Rad1 Rfd8 15. Bc7 Rdc8 16. Bf4 Rd8 17. Bc7 Rdc8 18. Bf4 Rd8 1/2-1/2

[Event "Lvov-Belgrade"]
[Site "Belgrade"]
[Date "1993.??.??"]
[Round "2"]
[White "Zheliandinov, Viktor"]
[Black "Kosic, Dragan"]
[Result "0-1"]
[WhiteElo "2390"]
[BlackElo "2495"]
[PlyCount "48"]
[EventDate "1993.??.??"]
[Source "ChessBase"]

1. d4 d5 2. c4 c6 3. Nc3 Nf6 4. Nf3 Qb6 5. e3 Bg4 6. h3 Bxf3 7. Qxf3 e6 8. Bd3 Nbd7 9. O-O Be7 10. Rd1 O-O 11. b3 Rfe8 12. Bb2 Rad8 13. Rac1 a6 14. g4 dxc4 15. Bxc4 Nd5 16. Ne2 Nf8 17. Qg3 Ng6 18. g5 Bd6 19. f4 c5 20. h4 cxd4 21. Bxd4 Qa5 22. h5 Nge7 23. e4 Nb6 24. Bd3 Ba3 0-1

[Event "Belgorod"]
[Site "Belgorod RUS"]
[Date "1990.??.??"]
[Round "?"]
[White "Kiselev, Sergey"]
[Black "Laketic, Gojko"]
[Result "1/2-1/2"]
[WhiteElo "2450"]
[BlackElo "2425"]
[PlyCount "95"]
[EventDate "1990.??.??"]
[Source "www.chesslib.no"]
[SourceDate "2004.05.04"]

1. d4 Nf6 2. Nf3 d5 3. c4 c6 4. Nc3 Qb6 5. c5 Qc7 6. g3 Nbd7 7. Bf4 Qa5 8. Bg2 Ne4 9. O-O Nxc3 10. bxc3 e6 11. c4 Be7 12. Qc2 O-O 13. e4 Nf6 14. e5 Ne8 15. a4 Bd7 16. Rfb1 Rb8 17. Ng5 Bxg5 18. Bxg5 f5 19. exf6 Nxf6 20. Bf4 Rbe8 21. Rxb7 Bc8 22. Bc7 Qa6 23. Rb2 Rf7 24. Bf4 dxc4 25. Bf1 Nd5 26. Bxc4 Qa5 27. Qd2 Qd8 28. Bd6 Rf3 29. Be2 Rf7 30. a5 Nc7 31. a6 Nb5 32. Rxb5 cxb5 33. Bxb5 Bd7 34. c6 Bc8 35. Qb4 Qf6 36. Ra2 Qf3 37. Be5 Ref8 38. Qc4 Qe4 39. Re2 Qf3 40. Qd3 Qd5 41. Qc4 Qf3 42. c7 Rd7 43. Qxe6+ Rdf7 44. Qc6 Qb3 45. Bc4 Qd1+ 46. Kg2 Kh8 47. f4 Bg4 48. Rf2 1/2-1/2

[Event "Munich Open 9192"]
[Site "Munich GER"]
[Date "1992.??.??"]
[Round "5"]
[White "Van Wely, Loek"]
[Black "Zaura, Vidmantas"]
[Result "1-0"]
[WhiteElo "2560"]
[BlackElo "2300"]
[PlyCount "49"]
[EventDate "1992.01.??"]
[Source "www.chesslib.no"]
[SourceDate "2004.05.04"]

1. d4 d5 2. Nf3 Nf6 3. c4 c6 4. Nc3 Qb6 5. Qc2 Bg4 6. c5 Qc7 7. g3 Bxf3 8. exf3 g6 9. b4 Bg7 10. f4 O-O 11. Rb1 Qd7 12. h3 Rd8 13. Be3 Na6 14. Bg2 Nc7 15. a4 b5 16. axb5 cxb5 17. O-O a5 18. bxa5 Rxa5 19. Rb3 Ne4 20. Nxe4 dxe4 21. Qxe4 Bxd4 22. Rd3 Ra4 23. Rfd1 Ne6 24. f5 Nxc5 25. Rxd4 1-0

[Event "Open"]
[Site "?"]
[Date "2002.05.05"]
[Round "3"]
[White "Korobov Anton"]
[Black "Ivanov Andrey A"]
[Result "1-0"]
[WhiteElo "2512"]
[BlackElo "2345"]
[PlyCount "105"]
[EventDate "2002.??.??"]
[Source "www.chesslib.no"]
[SourceDate "2004.05.04"]

1. d4 d5 2. c4 c6 3. Nf3 Nf6 4. Nc3 Qb6 5. Qc2 Bg4 6. c5 Qc7 7. Ne5 Nbd7 8. Bf4 Nh5 9. e3 Nxf4 10. Nxg4 h5 11. exf4 hxg4 12. g3 g6 13. Bg2 Bg7 14. Rd1 Nf6 15. O-O e6 16. b4 O-O 17. a4 b6 18. Ne2 Rab8 19. Rb1 Nd7 20. Rfc1 Rfc8 21. Qd2 Bf8 22. h3 gxh3 23. Bxh3 a5 24. cxb6 Nxb6 25. bxa5 Nc4 26. Qd3 Nxa5 27. Kg2 Bg7 28. Ng1 Rxb1 29. Rxb1 Rb8 30. Rxb8+ Qxb8 31. Nf3 Nc4 32. Bxe6 fxe6 33. Qxg6 Qc8 34. Ng5 Qd7 35. Nxe6 Na5 36. f5 Qf7 37. Qg5 Qf6 38. Qf4 Bh6 39. Qb8+ Bf8 40. g4 Nc4 41. Qa8 Nd6 42. a5 Nb5 43. a6 Nc7 44. Qxf8+ Qxf8 45. Nxf8 Nxa6 46. Ne6 Nb4 47. Kg3 Kf7 48. Kf4 Nd3+ 49. Ke3 Nb4 50. g5 Ke7 51. Kd2 Na2 52. f4 Nb4 53. Nc5 1-0

[Event "Koop Tjuchem (open), Groningen NED"]
[Site "Groningen"]
[Date "1996.??.??"]
[Round "?"]
[White "Grooten, H."]
[Black "Vysochin, S."]
[Result "1-0"]
[WhiteElo "2375"]
[BlackElo "2480"]
[PlyCount "93"]
[EventDate "1996.??.??"]
[Source "www.chesslib.no"]
[SourceDate "2004.05.04"]

1. d4 d5 2. c4 c6 3. Nf3 Nf6 4. Nc3 Qb6 5. Ne5 Bf5 6. c5 Qd8 7. Bf4 Nbd7 8. Nd3 g6 9. f3 Bg7 10. Nf2 O-O 11. e4 Be6 12. e5 Ne8 13. Be3 f6 14. exf6 Nexf6 15. Be2 Nh5 16. Qd2 Qc7 17. g3 Rf7 18. f4 Raf8 19. O-O Bh8 20. Rae1 Qc8 21. f5 Bxf5 22. g4 Ng7 23. gxf5 Nxf5 24. Ng4 Bg7 25. Nh6+ Nxh6 26. Bxh6 Bxh6 27. Qxh6 e5 28. Rxf7 Rxf7 29. Bg4 Qe8 30. Qh3 Nf8 31. Rxe5 Qd8 32. Qe3 Qh4 33. Qg3 Qf6 34. Be2 Ne6 35. Qe3 Ng7 36. Nd1 h5 37. Nf2 Nf5 38. Qf4 Qd8 39. Re6 Ng7 40. Rd6 Qe8 41. Qd2 g5 42. Rg6 g4 43. Bd3 Rf3 44. Rxg7+ Kxg7 45. Qg5+ Kf8 46. Qh6+ Ke7 47. Qd6+ 1-0

[Event "ARG-World"]
[Site "Buenos Aires"]
[Date "1994.??.??"]
[Round "6"]
[White "Mascarinas, Rico"]
[Black "Soppe, Guillermo"]
[Result "1-0"]
[WhiteElo "2410"]
[BlackElo "2430"]
[PlyCount "111"]
[EventDate "1994.04.??"]
[Source "ChessBase"]

1. d4 d5 2. c4 c6 3. Nc3 Nf6 4. Nf3 Qb6 5. e3 Bf5 6. Bd3 Bxd3 7. Qxd3 e6 8. O-O Nbd7 9. e4 dxe4 10. Nxe4 Be7 11. Nxf6+ Nxf6 12. Bd2 O-O 13. b4 Rfd8 14. Qc2 Qc7 15. a4 a6 16. a5 Rac8 17. Rfe1 Re8 18. g3 Rcd8 19. Bc3 Nd7 20. Re4 Nf8 21. Rd1 f5 22. Re2 Bf6 23. h4 Qf7 24. Qd3 h6 25. Qe3 Ng6 26. Kg2 Nf8 27. Red2 Ng6 28. h5 Nf8 29. Rh1 Nh7 30. Ne5 Bxe5 31. dxe5 Ng5 32. f3 Rxd2+ 33. Qxd2 Re7 34. Qe3 Rd7 35. Bd4 Qe8 36. Bc5 g6 37. hxg6 Qxg6 38. Bd6 Rg7 39. Qf4 Nf7 40. Rd1 Qg5 41. Qxg5 Nxg5 42. Bc5 h5 43. Be3 Nf7 44. Kf2 Rh7 45. Bf4 h4 46. gxh4 Rxh4 47. Kg3 Rh7 48. Rd2 Nh8 49. Rd8+ Kf7 50. Bg5 Ng6 51. f4 Nf8 52. Rb8 Rh1 53. Rxb7+ Kg6 54. Be7 Nh7 55. b5 cxb5 56. cxb5 1-0

[Event "Campionato estone"]
[Site "Tallinn EST"]
[Date "2007.01.27"]
[Round "9"]
[White "Shvyrjov, I."]
[Black "Seeman, T."]
[Result "1/2-1/2"]
[WhiteElo "2412"]
[BlackElo "2425"]
[PlyCount "21"]
[EventDate "2007.01.20"]
[Source "www.chesslib.no"]
[SourceDate "2004.05.04"]

1. d4 d5 2. Nf3 Nf6 3. c4 c6 4. Nc3 Qb6 5. Qb3 Bf5 6. e3 e6 7. Be2 h6 8. O-O Nbd7 9. Qxb6 axb6 10. b3 Ba3 11. Nd2 1/2-1/2

[Event "Budapest Spring Open"]
[Site "Budapest HUN"]
[Date "1994.??.??"]
[Round "4"]
[White "Dao, Thien Hai"]
[Black "Piven, Igor"]
[Result "1-0"]
[WhiteElo "2495"]
[BlackElo "2340"]
[PlyCount "69"]
[EventDate "1994.03.??"]
[Source "www.chesslib.no"]
[SourceDate "2004.05.04"]

1. d4 d5 2. c4 c6 3. Nf3 Nf6 4. Nc3 Qb6 5. e3 Bf5 6. Be2 e6 7. a3 Nbd7 8. h3 Be7 9. O-O h6 10. Bd3 dxc4 11. Bxf5 exf5 12. Qc2 g6 13. Qe2 Qc7 14. Qxc4 Nb6 15. Qb3 Nbd5 16. Nxd5 Nxd5 17. Re1 Nf6 18. Ne5 Bd6 19. Bd2 Kf8 20. Ba5 Qe7 21. Nc4 Kg7 22. Nxd6 Qxd6 23. Qxb7 Rhb8 24. Qc7 Qd5 25. b4 Re8 26. Rac1 Re6 27. Rc5 Qa2 28. Rxc6 Nd5 29. Rc2 Qxa3 30. Qb7 Nb6 31. Rcc1 Rae8 32. Qxa7 Nd5 33. Qc5 Nf6 34. Qc2 f4 35. Ra1 1-0

[Event "Kiev"]
[Site "Kiev"]
[Date "1997.??.??"]
[Round "6"]
[White "Krivoshey, Sergei"]
[Black "Malakhatko, Vadim"]
[Result "1-0"]
[WhiteElo "2425"]
[BlackElo "2405"]
[PlyCount "95"]
[EventDate "1997.??.??"]
[Source "www.chesslib.no"]
[SourceDate "2004.05.04"]

1. d4 d5 2. c4 c6 3. Nc3 Nf6 4. Nf3 Qb6 5. e3 Bg4 6. h3 Bxf3 7. Qxf3 e6 8. Bd3 Be7 9. O-O Nbd7 10. b3 O-O 11. Bb2 Qa5 12. a3 Qb6 13. b4 Rfe8 14. Rfd1 Rad8 15. Qg3 dxc4 16. Bxc4 a5 17. b5 cxb5 18. Nxb5 Rc8 19. Bd3 a4 20. Rab1 Qa5 21. e4 g6 22. Nd6 Nh5 23. Qh2 Bxd6 24. Qxd6 Red8 25. g4 Nc5 26. dxc5 Rxd6 27. cxd6 Qg5 28. Bf1 e5 29. d7 Rd8 30. Rbc1 Nf6 31. Rc8 Nxd7 32. Bc1 Qe7 33. Rxd8+ Qxd8 34. Bb5 Qc7 35. Bxd7 Qc2 36. Rf1 Qxe4 37. Be3 Qd3 38. Bxa4 Qxa3 39. Bb5 Qb3 40. Be2 Qc2 41. Bf3 e4 42. Rc1 Qd3 43. Bg2 b5 44. Bf1 Qb3 45. Rc8+ Kg7 46. g5 f5 47. Rc7+ Kf8 48. Rb7 1-0

[Event "Pardubice Czech op"]
[Site "Pardubice"]
[Date "2001.07.22"]
[Round "3"]
[White "Teske, Henrik"]
[Black "Bombek, Peter"]
[Result "1-0"]
[WhiteElo "2486"]
[BlackElo "2334"]
[PlyCount "53"]
[EventDate "2001.07.20"]
[Source "ChessBase"]
[SourceDate "2001.09.11"]

1. d4 d5 2. c4 c6 3. Nf3 Nf6 4. Nc3 Qb6 5. c5 Qc7 6. g3 b6 7. Bf4 Qb7 8. b4 a5 9. bxa5 bxc5 10. Rb1 Qa7 11. Qa4 Nfd7 12. Bg2 e6 13. O-O Be7 14. e4 O-O 15. exd5 cxd5 16. Rfe1 Bb7 17. Qc2 Rc8 18. Rxb7 Qxb7 19. Nxd5 exd5 20. Rxe7 Nc6 21. Ng5 g6 22. Bxd5 Qb4 23. Rxf7 Qe1+ 24. Kg2 Nb6 25. Rxh7+ Kf8 26. Bd6+ Ke8 27. Qxg6+ 1-0

[Event "Rovno"]
[Site "Rovno"]
[Date "2000.??.??"]
[Round "12"]
[White "Gutman, Gennadi"]
[Black "Tokmina, Petr"]
[Result "1/2-1/2"]
[WhiteElo "2499"]
[BlackElo "2312"]
[PlyCount "30"]
[EventDate "2000.01.20"]
[Source "ChessBase"]
[SourceDate "2000.05.31"]

1. d4 d5 2. Nf3 Nf6 3. c4 c6 4. Nc3 Qb6 5. Qc2 Bg4 6. c5 Qc7 7. Ne5 Nbd7 8. Nxg4 Nxg4 9. e4 e5 10. exd5 exd4 11. d6 Qa5 12. Qe4+ Nge5 13. Qxd4 Qxc5 14. Qe4 Bxd6 15. f4 O-O 1/2-1/2

[Event "Tanta op"]
[Site "Tanta"]
[Date "1998.11.17"]
[Round "2"]
[White "Tisdall, Jonathan D"]
[Black "Dambrauskas, Virginijus"]
[Result "1/2-1/2"]
[WhiteElo "2475"]
[BlackElo "2335"]
[PlyCount "70"]
[EventDate "1998.11.16"]
[Source "ChessBase"]
[SourceDate "1999.01.01"]

1. d4 d5 2. c4 c6 3. Nf3 Nf6 4. Nc3 Qb6 5. g3 Bf5 6. Bg2 e6 7. O-O h6 8. Qb3 Qxb3 9. axb3 Nbd7 10. c5 a6 11. b4 Ne4 12. Bd2 Nxd2 13. Nxd2 Rd8 14. f3 Bh7 15. e4 Nf6 16. e5 Nd7 17. f4 f5 18. Bf3 Be7 19. h4 g6 20. Kf2 h5 21. Be2 Rc8 22. Bd3 Bg8 23. Ne2 Nb8 24. Nc1 Bd8 25. Be2 Bf7 26. Nd3 O-O 27. Rfc1 Be8 28. Rc3 Rf7 29. Rca3 Re7 30. Ne1 Rg7 31. Ke3 Rh7 32. Bd3 Rg7 33. Ndf3 Rh7 34. Nd2 Rg7 35. Nb3 Re7 1/2-1/2

[Event "URS Ch otbor56"]
[Site "Uzhgorod"]
[Date "1988.??.??"]
[Round "?"]
[White "Piskov, Yury"]
[Black "Shabanov, Yuri"]
[Result "1/2-1/2"]
[WhiteElo "2415"]
[BlackElo "2395"]
[PlyCount "29"]
[EventDate "1988.??.??"]
[Source "www.chesslib.no"]
[SourceDate "2004.05.04"]

1. d4 d5 2. c4 c6 3. Nc3 Nf6 4. Nf3 Qb6 5. Qc2 Bg4 6. c5 Qc7 7. Ne5 Nbd7 8. h3 Bh5 9. Bf4 Nxe5 10. Bxe5 Qc8 11. e3 Bg6 12. Bd3 e6 13. O-O Be7 14. b4 O-O 15. Bxg6 1/2-1/2

[Event "Dornbirn Open"]
[Site "Dornbirn"]
[Date "1988.??.??"]
[Round "?"]
[White "Hulak, Krunoslav"]
[Black "Scheipl, Ralf"]
[Result "1-0"]
[WhiteElo "2475"]
[BlackElo "2320"]
[PlyCount "66"]
[EventDate "1988.??.??"]
[Source "www.chesslib.no"]
[SourceDate "2004.05.04"]

1. d4 d5 2. c4 c6 3. Nf3 Nf6 4. Nc3 Qb6 5. a3 Bf5 6. e3 e6 7. Be2 Be7 8. Nh4 Bg6 9. Bd2 Nbd7 10. O-O Ne4 11. Nxg6 Nxc3 12. bxc3 hxg6 13. g3 Nf6 14. cxd5 exd5 15. c4 Ne4 16. cxd5 cxd5 17. Be1 Qe6 18. Bb5+ Kf8 19. Qe2 Rc8 20. Bd3 f5 21. f3 Nd6 22. e4 Kf7 23. Bb4 Rhe8 24. Rae1 Bd8 25. Qd1 dxe4 26. fxe4 Bb6 27. Bb1 Kg8 28. Kg2 fxe4 29. Bxd6 Qxd6 30. Bxe4 Bxd4 31. Rf4 g5 32. Rf5 Bc5 33. Bd5+ Kh7 1-0

[Event "Zillertal op"]
[Site "Zillertal"]
[Date "1997.??.??"]
[Round "8"]
[White "Farago, Ivan"]
[Black "Piven, Igor"]
[Result "1-0"]
[WhiteElo "2440"]
[BlackElo "2345"]
[PlyCount "65"]
[EventDate "1997.??.??"]
[Source "www.chesslib.no"]
[SourceDate "2004.05.04"]

1. d4 d5 2. c4 c6 3. Nf3 Nf6 4. Nc3 Qb6 5. e3 Bf5 6. cxd5 Nxd5 7. Bc4 e6 8. O-O Nd7 9. Qe2 N7f6 10. Nh4 Bg4 11. f3 Bh5 12. g4 Bg6 13. Kh1 Bd6 14. e4 Nf4 15. Bxf4 Bxf4 16. e5 Nd5 17. Bxd5 cxd5 18. Ng2 Bg5 19. f4 Be7 20. f5 Qxd4 21. Rad1 Qb4 22. a3 Qc5 23. fxg6 hxg6 24. Qb5+ Qc6 25. Rc1 Bg5 26. Rc2 Rc8 27. Rff2 f5 28. exf6 gxf6 29. Qd3 f5 30. Qd4 Ke7 31. gxf5 Rcg8 32. fxe6 Qd6 33. Rf7+ 1-0